000 00832nam a2200265Ia 4500
003 OSt
005 20221005092418.0
006 a|||||r|||| 00| 0
007 ta
008 221004b |||||||| |||| 00| 0 eng d
020 _a9780415882682 (hbk)
_c6252
024 _a118758
037 _b168(A)/2011-12, 14/02/2012, Pioneer Books Distributors
_cTextual
040 _aCRL
_cCRL
_beng
041 _2eng
_aeng
082 _aR4,(S:5), Q2
100 _aMiller Sarah Clark
_9617266
245 0 _aEthics of need
_b Agency, dignity and obligation
260 _aNew York
_bRoutledge USA
_c2012
300 _axiii,186p.
_ccm.
650 _a ETHICS
650 _aPHILOSOPHY
942 _hR4,(S:5), Q2
_cTEXL
_2cc
999 _c998789
_d998789